Les Pokémon qui possède une méga-évolution - Statistiques

Statistiques générales
  • Ce quiz a été pris 60 fois
  • Le résultat moyen est 30 sur 46
Statistiques - réponses
Pokémons % Correct
Dracaufeu
96%
Mewtwo
86%
Tortank
86%
Ectoplasma
76%
Lucario
76%
Rayquaza
76%
Braségali
74%
Gardevoir
74%
Jungko
74%
Léviator
74%
Laggron
72%
Alakazam
70%
Dardargnan
70%
Gallame
70%
Kangourex
70%
Roucarnage
70%
Steelix
70%
Tyranocif
70%
Carchacrok
68%
Drattak
68%
Camérupt
66%
Démolosse
66%
Florizarre
66%
Nanméoui
66%
Oniglali
66%
Pharamp
66%
Tenefix
66%
Diancie
64%
Latias
62%
Latios
62%
Mysdibule
62%
Sharpedo
62%
Elecsprint
60%
Scarabrute
60%
Altaria
58%
Flagadoss
58%
Galeking
58%
Absol
56%
Blizzaroi
56%
Métalosse
56%
Scarhino
56%
Branette
54%
Charmina
54%
Cizayox
54%
Lockpin
54%
Ptéra
50%
Aucun quiz correspondant
Distribution des résultats
% des personnes avec chaque résultat
Percentile par nombre de réponses
Votre historique - résultats
Vous n’avez pas pris ce quiz